Toutes les communes d'Aude sur une carte - Statistiques

Statistiques générales
  • Ce quiz a été pris 624 fois
  • Le résultat moyen est 66 sur 433
Réponses sur la Carte
Les réponses sont colorées sur une échelle allant du rouge au vert en fonction du pourcentage des utilisateurs qui les ont devinées à leur premier essai. Vous pouvez retrouver ces pourcentages ci-dessous.
 
Statistiques - réponses
Population Communes % Correct
46 673 Carcassonne
95%
56 123 Narbonne
95%
10 161 Limoux
77%
500 Castelnau-d'Aude
75%
851 Leuc
73%
5 131 Gruissan
70%
12 467 Castelnaudary
68%
4 581 Leucate
66%
11 112 Lézignan-Corbières
64%
5 905 Port-la-Nouvelle
61%
5 542 Sigean
52%
3 141 Quillan
50%
3 226 Bram
49%
3 713 Fleury
45%
182 Saint-Pierre-des-Champs
44%
5 438 Trèbes
44%
29 Pécharic-et-le-Py
41%
1 380 Villeneuve-la-Comptal
41%
251 Villeneuve-les-Corbières
41%
335 Villeneuve-lès-Montréal
41%
955 Villeneuve-Minervois
41%
582 Val-du-Faby
40%
4 044 Cuxac-d'Aude
39%
5 785 Coursan
37%
28 Saint-Martin-des-Puits
37%
370 Saint-Martin-de-Villereglan
37%
1 117 Saint-Martin-Lalande
37%
212 Saint-Martin-le-Vieil
37%
24 Saint-Martin-Lys
37%
263 Saint-Jean-de-Barrou
36%
131 Saint-Jean-de-Paracol
36%
1 096 Fitou
35%
1 980 Montréal
35%
3 251 Salles-d'Aude
33%
715 Salles-sur-l'Hers
33%
4 501 Villemoustaussou
33%
194 Festes-et-Saint-André
32%
121 Sallèles-Cabardès
31%
3 039 Sallèles-d'Aude
31%
782 Bages
30%
1 473 Capendu
30%
544 Lagrasse
30%
735 Saint-Laurent-de-la-Cabrerisse
30%
513 Axat
29%
1 122 Couiza
29%
2 662 Vinassan
29%
1 377 Saint-André-de-Roquelongue
28%
244 Luc-sur-Aude
27%
1 132 Luc-sur-Orbieu
27%
83 Roquefort-de-Sault
27%
1 005 Roquefort-des-Corbières
27%
1 712 Espéraza
26%
2 028 Saint-Marcel-sur-Aude
26%
790 Tuchan
26%
1 601 Caunes-Minervois
25%
113 Cucugnan
25%
651 Durban-Corbières
25%
1 712 La Palme
25%
1 482 Montredon-des-Corbières
25%
91 Rennes-le-Château
25%
197 Rennes-les-Bains
25%
1 754 Bizanet
24%
1 243 Bize-Minervois
24%
240 Bugarach
24%
2 554 Ouveillan
24%
1 143 Peyriac-de-Mer
24%
1 177 Peyriac-Minervois
24%
713 Saint-Hilaire
24%
1 592 Alzonne
23%
1 495 Armissan
23%
2 585 Conques-sur-Orbiel
23%
597 Homps
23%
388 Alet-les-Bains
22%
104 Camurac
22%
1 256 Fabrezan
22%
859 Fanjeaux
22%
1 322 Portel-des-Corbières
22%
919 Saissac
22%
1 211 Arzens
21%
90 Labastide-en-Val
21%
61 Labastide-Esparbairenque
21%
176 Mas-Cabardès
21%
25 Mas-des-Cours
21%
929 Mas-Saintes-Puelles
21%
833 Montolieu
21%
85 Rieux-en-Val
21%
1 937 Rieux-Minervois
21%
1 139 Chalabre
20%
29 Corbières
20%
702 Marseillette
20%
2 041 Moussan
20%
2 496 Palaja
20%
24 Villar-en-Val
20%
125 Villar-Saint-Anselme
20%
370 Villesèque-des-Corbières
20%
376 Belcaire
19%
853 Belvèze-du-Razès
19%
1 832 Canet
19%
1 277 Névian
19%
1 584 Pezens
19%
436 Puivert
19%
500 Saint-Denis
19%
866 Saint-Papoul
19%
737 Val-de-Dagne
19%
955 Ventenac-Cabardès
19%
575 Ventenac-en-Minervois
19%
615 Cépie
18%
2 714 Pennautier
18%
920 Pomas
18%
273 Roquetaillade-et-Conilhac
18%
554 Thézan-des-Corbières
18%
1 212 Villasavary
18%
1 260 Villepinte
18%
1 338 Alairac
17%
2 155 Argeliers
17%
261 Arques
17%
1 123 Azille
17%
1 339 Belpech
17%
19 Campagna-de-Sault
17%
606 Campagne-sur-Aude
17%
148 Duilhac-sous-Peyrepertuse
17%
1 256 Ferrals-les-Corbières
17%
707 Moux
17%
1 186 Puichéric
17%
51 Saint-Louis-et-Parahou
17%
2 076 Saint-Nazaire-d'Aude
17%
554 Villedaigne
17%
1 658 Villegailhenc
17%
157 Villerouge-Termenès
17%
1 515 Ginestas
16%
1 013 Laure-Minervois
16%
1 309 Marcorignan
16%
258 Raissac-d'Aude
16%
462 Raissac-sur-Lampy
16%
453 Rouffiac-d'Aude
16%
76 Rouffiac-des-Corbières
16%
481 Saint-Michel-de-Lanès
16%
141 Saint-Polycarpe
16%
793 Barbaira
15%
1 640 Cazilhac
15%
899 Conilhac-Corbières
15%
571 Couffoulens
15%
293 La Digne-d'Amont
15%
527 La Digne-d'Aval
15%
150 Laroque-de-Fa
15%
109 Mouthoumet
15%
1 241 Pexiora
15%
85 Saint-Julien-de-Briola
15%
1 196 Villegly
15%
337 Alaigne
14%
467 Aragon
14%
960 Cavanac
14%
897 Caves
14%
146 Escueillens-et-Saint-Just-de-Bélengard
14%
229 Espezel
14%
131 Fontjoncouse
14%
105 Fraisse-Cabardès
14%
212 Fraissé-des-Corbières
14%
1 243 La Redorte
14%
155 Lastours
14%
1 517 Lavalette
14%
1 003 Moussoulens
14%
1 113 Ornaisons
14%
378 Salsigne
14%
970 Villalier
14%
550 Aigues-Vives
13%
355 Argens-Minervois
13%
722 Boutenac
13%
706 Cournanel
13%
71 Escouloubre
13%
108 Laprade
13%
1 087 Pépieux
13%
576 Pouzols-Minervois
13%
148 Pradelles-Cabardès
13%
625 Preixan
13%
263 Puilaurens
13%
381 Saint-Couat-d'Aude
13%
40 Saint-Couat-du-Razès
13%
255 Treilles
13%
489 Verzeille
13%
899 Villesèquelande
13%
270 Antugnac
12%
238 Belvianes-et-Cavirac
12%
161 Belvis
12%
167 Cabrespine
12%
1 005 Caux-et-Sauzens
12%
91 Citou
12%
116 Coustouge
12%
771 Douzens
12%
110 Feuilla
12%
79 Fourtou
12%
608 Lauraguel
12%
302 Les Martys
12%
752 Mirepeisset
12%
205 Payra-sur-l'Hers
12%
75 Pech-Luna
12%
968 Pieusse
12%
45 Sainte-Colombe-sur-Guette
12%
438 Sainte-Colombe-sur-l'Hers
12%
51 Saint-Just-et-le-Bézu
12%
201 Ajac
11%
78 Albas
11%
62 Aunat
11%
745 Badens
11%
61 Belcastel-et-Buc
11%
287 Brugairolles
11%
373 Camplong-d'Aude
11%
32 Comus
11%
921 Cruscades
11%
5 Fontanès-de-Sault
11%
559 Fontcouverte
11%
297 Gaja-et-Villedieu
11%
137 Gaja-la-Selve
11%
479 Issel
11%
406 Labécède-Lauragais
11%
250 La Force
11%
95 La Serpent
11%
393 Laurabuc
11%
28 Le Clat
11%
339 Montbrun-des-Corbières
11%
261 Nébias
11%
41 Niort-de-Sault
11%
698 Paraza
11%
525 Paziols
11%
466 Peyrens
11%
267 Ribaute
11%
107 Rodome
11%
107 Saint-Benoît
11%
467 Talairan
11%
47 Termes
11%
286 Verdun-en-Lauragais
11%
80 Arquettes-en-Val
10%
21 Belfort-sur-Rebenty
10%
247 Bellegarde-du-Razès
10%
950 Berriac
10%
46 Bessède-de-Sault
10%
235 Blomac
10%
104 Bouisse
10%
144 Bouriège
10%
50 Cailla
10%
51 Camps-sur-l'Agly
10%
338 Carlipa
10%
134 Castans
10%
312 Comigne
10%
52 Coustaussa
10%
83 Cubières-sur-Cinoble
10%
163 La Cassaigne
10%
268 Ladern-sur-Lauquet
10%
783 Lasbordes
10%
307 Les Cassés
10%
134 Lespinassière
10%
241 Loupia
10%
537 Magrie
10%
863 Malves-en-Minervois
10%
185 Mireval-Lauragais
10%
556 Montazels
10%
625 Montferrand
10%
140 Padern
10%
291 Roquefeuil
10%
503 Roubia
10%
508 Roullens
10%
81 Serres
10%
124 Sougraigne
10%
333 Souilhe
10%
268 Tournissan
10%
489 Tourouzelle
10%
500 Villardonnel
10%
345 Villedubert
10%
299 Villelongue-d'Aude
10%
247 Villemagne
10%
408 Villespy
10%
119 Albières
9%
75 Artigues
9%
308 Bagnoles
9%
114 Belflou
9%
340 Brousses-et-Villaret
9%
251 Cailhau
9%
313 Cambieure
9%
223 Cascastel-des-Corbières
9%
215 Caudebronde
9%
52 Coudons
9%
52 Counozouls
9%
916 Cuxac-Cabardès
9%
152 Embres-et-Castelmaure
9%
45 Fajac-en-Val
9%
50 Fajac-la-Relenque
9%
129 Félines-Termenès
9%
523 Fendeille
9%
102 Granès
9%
1 278 Labastide-d'Anjou
9%
12 La Fajolle
9%
177 La Pomarède
9%
282 Lasserre-de-Prouille
9%
181 Laurac
9%
131 Limousis
9%
577 Mailhac
9%
365 Malviès
9%
58 Missègre
9%
175 Montclar
9%
90 Montfort-sur-Boulzane
9%
238 Routier
9%
518 Sainte-Eulalie
9%
359 Souilhanels
9%
234 Soupex
9%
56 Villardebelle
9%
257 Villarzel-Cabardès
9%
98 Villarzel-du-Razès
9%
156 Villefloure
9%
381 Villesiscle
9%
170 Airoux
8%
35 Auriac
8%
172 Baraigne
8%
184 Brézilhac
8%
144 Cailhavel
8%
10 Caunette-sur-Lauquet
8%
408 Cenne-Monestiés
8%
114 Davejean
8%
46 Dernacueillette
8%
477 Escales
8%
77 Fenouillet-du-Razès
8%
412 Floure
8%
449 Fontiers-Cabardès
8%
303 Ginoles
8%
129 Hounoux
8%
31 Joucou
8%
93 Lafage
8%
56 Les Ilhes
8%
47 Maisons
8%
19 Marsa
8%
148 Mazerolles-du-Razès
8%
26 Mazuby
8%
32 Mérial
8%
245 Molandier
8%
320 Montmaur
8%
234 Monze
8%
53 Peyrefitte-du-Razès
8%
78 Peyrefitte-sur-l'Hers
8%
117 Plaigne
8%
310 Ricaud
8%
104 Saint-Julia-de-Bec
8%
198 Serviès-en-Val
8%
106 Tréville
8%
32 Véraza
8%
221 Bouilhonnac
7%
206 Castelreng
7%
27 Clermont-sur-Lauquet
7%
79 Fonters-du-Razès
7%
523 Fontiès-d'Aude
7%
90 Greffeil
7%
56 Jonquières
7%
81 La Louvière-Lauragais
7%
48 Le Bousquet
7%
269 Les Brunels
7%
46 Miraval-Cabardès
7%
141 Molleville
7%
621 Montséret
7%
117 Orsans
7%
374 Pauligne
7%
48 Quintillan
7%
51 Quirbajou
7%
77 Roquefère
7%
509 Rustiques
7%
60 Saint-Amans
7%
536 Sainte-Valière
7%
236 Saint-Frichoux
7%
204 Saint-Paulet
7%
41 Saint-Sernin
7%
69 Salvezines
7%
128 Soulatgé
7%
598 Trausse
7%
139 Villebazy
7%
55 Bourigeole
6%
28 Cahuzac
6%
41 Cumiès
6%
124 Ferran
6%
127 Gardie
6%
57 Generville
6%
46 Gincla
6%
125 Gramazie
6%
54 Lairière
6%
60 Lanet
6%
426 Malras
6%
98 Mézerville
6%
69 Montirat
6%
83 Montjardin
6%
35 Montjoi
6%
87 Peyrolles
6%
120 Plavilla
6%
56 Pomy
6%
155 Puginier
6%
109 Ribouisse
6%
212 Rivel
6%
131 Roquecourbe-Minervois
6%
116 Saint-Gaudéric
6%
20 Salza
6%
133 Sonnac-sur-l'Hers
6%
130 Tourreilles
6%
24 Valmigère
6%
105 Vignevieille
6%
137 Villanière
6%
64 Villautou
6%
85 Villefort
6%
93 Cazalrenoux
5%
77 Courtauly
5%
111 Donazac
5%
35 Galinagues
5%
175 Lacombe
5%
46 La Courtète
5%
24 La Tourette-Cabardès
5%
82 Marquein
5%
27 Massac
5%
81 Montauriol
5%
38 Monthaut
5%
32 Palairac
5%
110 Saint-Ferriol
5%
110 Taurize
5%
15 Terroles
5%
28 Trassanel
5%
59 Cassaignes
4%
47 La Bezole
4%
43 Lignairolles
4%
84 Mayreville
4%
38 Montgaillard
4%
118 Sainte-Camelle
4%
105 Tréziers
4%
167 Val de Lambronne
4%
34 Villetritouls
4%
51 Fournes-Cabardès
3%
77 Gourvieille
3%
40 Mayronnes
3%
45 Montgradail
3%
56 Caunettes-en-Val
2%
29 Seignalens
2%
Aucun quiz correspondant
Distribution des résultats
% des personnes avec chaque résultat
Percentile par nombre de réponses
Votre historique - résultats
Vous n’avez pas pris ce quiz